Szepeshely - Zsepes Papnevelőintézet
Zobrazenie: V bielom orámovaní pohľad zdiaľky na budovu kňažského seminára, katedrálu a budovy kapituly, obohnané múrom. V spodnej časti po celej šírke pohľadnice sa nachádza biely rámček na správu
| Format: | Postcard |
|---|---|
| Language: | Hungarian German |
| PhysicalDescription: | 1 pohľadnica čiernobiela 9 x 14 cm |
| Published: |
Teschen
Feitzinger Ede
1904
|
| Subjects: |
MARC
| LEADER | 00000nkm a2200000 a 4500 | ||
|---|---|---|---|
| 001 | vtls011788061 | ||
| 003 | SK-MaSNL | ||
| 005 | 20260512123605.0 | ||
| 007 | kp bo | ||
| 008 | 230706s1904 xr g kuhun | ||
| 015 | |a SNBG1904 | ||
| 035 | |a urn:nbn:sk:snk-km00dpo6 | ||
| 035 | |a urn:nbn:sk:snk-km3lxmk | ||
| 035 | |a EF05280F-B2DF-41A4-9087-040F15305948 | ||
| 040 | |a SNK |b slo |c SNK |e AACR2 | ||
| 041 | 0 | |a hun |a ger | |
| 043 | |a e-xo--- | ||
| 044 | |a xr |c CZ | ||
| 072 | 7 | |a 913 |x Regionálna geografia |2 konspekt | |
| 080 | |a 913(437.6) |2 2011 | ||
| 080 | |a 904(084.121) |2 2011 | ||
| 080 | |a 726.597 |2 2011 | ||
| 080 | |a 2-722.5:377 |2 2011 | ||
| 245 | 0 | 0 | |a Szepeshely - Zsepes |h grafika |b Papnevelőintézet |
| 246 | 3 | 1 | |a Szepeshely - Zips |b Priester - Seminar |
| 246 | 3 | 3 | |a Szepeshely - Zsepes - Zips |b Papnevelőintézet - Priester - Seminar |
| 260 | |a Teschen |b Feitzinger Ede |c 1904 | ||
| 300 | |a 1 pohľadnica |b čiernobiela |c 9 x 14 cm | ||
| 500 | |a Názvové údaje prevzaté z obrazovej časti pohľadnice | ||
| 520 | 8 | |a Zobrazenie: V bielom orámovaní pohľad zdiaľky na budovu kňažského seminára, katedrálu a budovy kapituly, obohnané múrom. V spodnej časti po celej šírke pohľadnice sa nachádza biely rámček na správu | |
| 546 | |a Súbežný názov a podnázov v nemčine | ||
| 610 | 2 | 7 | |a Katedrála sv. Martina (Spišská Kapitula, Spišské Podhradie, Slovensko) |2 SNKKA |9 36247 |
| 650 | 0 | 7 | |a katedrály |2 SNKPH |9 3032 |
| 650 | 0 | 7 | |a kapituly |2 SNKPH |9 83326 |
| 650 | 0 | 7 | |a kňažské semináre |2 SNKPH |9 71650 |
| 651 | 7 | |a Spišská Kapitula (Spišské Podhradie, Slovensko) |2 SNKPHgeo |9 23020 | |
| 655 | 7 | |a miestne pohľadnice |2 SNKPH |9 70510 | |
| 655 | 7 | |a pohľadnice kultúrnych pamiatok |2 SNKPH |9 70523 | |
| 752 | |a Česko |d Český Tešín | ||
| 852 | |a Slovenská národná knižnica | ||
| 958 | |a GBN | ||
| 958 | |a GC | ||
| 958 | |a ONDV | ||
| 999 | |c 772147 |d 774077 | ||
| 952 | |a SNK |b SNK |y PREZ |7 0 |p 17A1232031 |o snkSP 22681 |0 0 |1 0 |4 0 |d 2018-10-26 |f 1 |l 0 |r 2026-02-24 00:38:34 |w 2026-02-24 | ||


